[Event "11th EUR-ch"]
[Site "Rijeka CRO"]
[Date "2010.03.07"]
[Round "2"]
[White "Brkic, Ante"]
[Black "Smirin, Ilia"]
[Result "1/2-1/2"]
[WhiteElo "2543"]
[BlackElo "2647"]
[EventDate "2010.03.06"]
[PlyCount "36"]

1.e4 c5 2.Nf3 e6 3.d4 cxd4 4.Nxd4 a6 5.Be2 Nf6 6.Nc3 Qc7 7.O-O Bb4 8.Qd3 
Nc6 9.Bg5 Nxd4 10.Qxd4 Bc5 11.Qd2 b5 12.Bf4 e5 13.Nd5 Nxd5 14.Qxd5 Bb7 15.
Qxe5+ Qxe5 16.Bxe5 O-O 17.Rfd1 Bxe4 18.Bd6 Bxd6 1/2-1/2

[Event "11th EUR-ch"]
[Site "Rijeka CRO"]
[Date "2010.03.07"]
[Round "2"]
[White "Gustafsson, Jan"]
[Black "Oleksienko, Mykhailo"]
[Result "1/2-1/2"]
[WhiteElo "2646"]
[BlackElo "2525"]
[EventDate "2010.03.06"]
[PlyCount "77"]

1.d4 d5 2.c4 c6 3.Nc3 Nf6 4.e3 Bf5 5.cxd5 Nxd5 6.Nf3 e6 7.Bd3 Bxd3 8.Qxd3 
Be7 9.O-O O-O 10.e4 Nxc3 11.bxc3 Qc7 12.Rb1 Nd7 13.g3 h6 14.Bf4 Bd6 15.e5 
Be7 16.c4 Rfd8 17.Qb3 g5 18.Be3 c5 19.Qxb7 Qxb7 20.Rxb7 g4 21.Nd2 cxd4 22.
Bxh6 Rab8 23.Rfb1 Rxb7 24.Rxb7 Kh7 25.Bf4 Kg6 26.Rxa7 Bb4 27.Nb3 d3 28.Rb7
Bc3 29.Kf1 Nxe5 30.Bxe5 Bxe5 31.Ke1 Ra8 32.Nc1 Bc3+ 33.Kd1 d2 34.Ne2 Be5 
35.Kxd2 Rxa2+ 36.Kd3 f5 37.c5 Kf6 38.Rb1 Ke7 39.Rd1 1/2-1/2

[Event "11th EUR-ch"]
[Site "Rijeka CRO"]
[Date "2010.03.07"]
[Round "2"]
[White "Papin, Vasily"]
[Black "Efimenko, Zahar"]
[Result "0-1"]
[WhiteElo "2532"]
[BlackElo "2640"]
[EventDate "2010.03.06"]
[PlyCount "114"]

1.d4 Nf6 2.c4 e6 3.Nc3 Bb4 4.Qc2 O-O 5.a3 Bxc3+ 6.Qxc3 b6 7.Nf3 Bb7 8.e3 
d5 9.b3 Nbd7 10.Be2 c5 11.O-O Rc8 12.Bb2 cxd4 13.exd4 Ba6 14.Qb4 dxc4 15.
bxc4 Nd5 16.Qa4 Nf4 17.Qxa6 Nxe2+ 18.Kh1 Qc7 19.Qa4 Qc6 20.Qxc6 Rxc6 21.
Nd2 b5 22.c5 e5 23.dxe5 Nxc5 24.Nf3 Ne6 25.Rfd1 Rc2 26.Rab1 h6 27.g3 Rfc8 
28.Kg2 a5 29.Ne1 R2c4 30.Rd2 N2d4 31.Bxd4 Nxd4 32.Rd3 b4 33.axb4 axb4 34.
Nf3 Nc2 35.Rd7 R4c7 36.Rd2 Rb8 37.Rb3 Na3 38.Rd4 Rc4 39.Rdd3 Nb5 40.Re3 
Nc7 41.Nd2 Rc2 42.Ne4 Ne6 43.Rb1 Nd4 44.Rd3 Nc6 45.Rdb3 Re8 46.Ra1 Rxe5 
47.Ra8+ Kh7 48.Nd6 Ree2 49.Rf3 Ne5 50.Rf5 Nd3 51.Rxf7 Rxf2+ 52.Rxf2 Rxf2+ 
53.Kh3 b3 54.Rb8 b2 55.Nc4 Rc2 56.Na3 Rc3 57.Nb1 Rc1 0-1

[Event "11th EUR-ch"]
[Site "Rijeka CRO"]
[Date "2010.03.07"]
[Round "2"]
[White "Mamedov, Rauf"]
[Black "Anisimov, Pavel"]
[Result "1-0"]
[WhiteElo "2639"]
[BlackElo "2519"]
[EventDate "2010.03.06"]
[PlyCount "63"]

1.e4 e6 2.d4 d5 3.Nd2 dxe4 4.Nxe4 Nd7 5.Bd3 Ngf6 6.Qe2 c5 7.Nxf6+ Nxf6 8.
dxc5 Bxc5 9.Nf3 O-O 10.Bg5 Qc7 11.Bxf6 gxf6 12.O-O-O Qf4+ 13.Kb1 b6 14.g3 
Qh6 15.Be4 Rb8 16.h4 Bb7 17.Bxb7 Rxb7 18.Rd3 Rc7 19.Rhd1 Qg6 20.g4 Be7 21.
Nd4 Bc5 22.Nb5 Re7 23.Nc3 Rc7 24.f4 h5 25.f5 exf5 26.gxf5 Qh6 27.Nd5 Rcc8 
28.b4 Bd6 29.Nxf6+ Qxf6 30.Rxd6 Qxh4 31.Rg1+ Kh7 32.Qd2 1-0

[Event "11th EUR-ch"]
[Site "Rijeka CRO"]
[Date "2010.03.07"]
[Round "2"]
[White "Narciso Dublan, Marc"]
[Black "Predojevic, Borki"]
[Result "1/2-1/2"]
[WhiteElo "2530"]
[BlackElo "2639"]
[EventDate "2010.03.06"]
[PlyCount "82"]

1.c4 e5 2.g3 Nc6 3.Nc3 Bc5 4.Bg2 a6 5.e3 d6 6.Nge2 Ba7 7.d4 exd4 8.Nxd4 
Nxd4 9.exd4 Ne7 10.O-O O-O 11.b3 Nf5 12.Ne2 Rb8 13.Bb2 b5 14.cxb5 axb5 15.
Rc1 Re8 16.Nf4 Bd7 17.Qd3 b4 18.Rfe1 Rxe1+ 19.Rxe1 g6 20.Qc4 c6 21.Bxc6 
Bxc6 22.Qxc6 Bxd4 23.Bxd4 Nxd4 24.Qe4 Qf6 25.Kg2 Kg7 26.Nd5 Qe5 27.Qxe5+ 
dxe5 28.Rxe5 Rb5 29.f4 Nc6 30.Nc7 Rxe5 31.fxe5 Nxe5 32.Nd5 Nc6 33.Kf3 f5 
34.Kf4 Kf7 35.Kg5 Kg7 36.h4 h6+ 37.Kf4 h5 38.Ke3 Kh6 39.Kf4 Kg7 40.Ke3 Kf7
41.Kf4 Ke6 1/2-1/2

[Event "11th EUR-ch"]
[Site "Rijeka CRO"]
[Date "2010.03.07"]
[Round "2"]
[White "Sokolov, Ivan"]
[Black "Guliev, Namig"]
[Result "1-0"]
[WhiteElo "2638"]
[BlackElo "2516"]
[EventDate "2010.03.06"]
[PlyCount "93"]

1.d4 d5 2.Nf3 Nf6 3.c4 dxc4 4.e3 e6 5.Bxc4 a6 6.O-O c5 7.a4 Nc6 8.Qe2 cxd4
9.Rd1 Be7 10.exd4 O-O 11.Nc3 Nb4 12.Ne5 Bd7 13.Bg5 Bc6 14.Nxc6 bxc6 15.a5 
Nfd5 16.Bxe7 Qxe7 17.g3 Rfd8 18.Na4 Nc7 19.Nb6 Rab8 20.Rac1 g6 21.Qe5 Qd6 
22.Bf1 Qxe5 23.dxe5 Rxd1 24.Rxd1 Nbd5 25.Nc4 Rb4 26.Rc1 Kf8 27.Nd6 Rxb2 
28.Rxc6 Ra2 29.Nb7 Nb5 30.Rxa6 Nd4 31.Bc4 Nf3+ 32.Kg2 Ne3+ 33.Kxf3 Nxc4 
34.Ke4 Rxf2 35.Nd6 Nd2+ 36.Ke3 Rxh2 37.Ra7 Nf1+ 38.Kd3 Rd2+ 39.Kc3 Rf2 40.
Rxf7+ Rxf7 41.Nxf7 Ne3 42.Ng5 Ke7 43.Kd4 Nf5+ 44.Kc5 Kd7 45.a6 Kc8 46.Nxe6
Ne7 47.Nd8 1-0

[Event "11th EUR-ch"]
[Site "Rijeka CRO"]
[Date "2010.03.07"]
[Round "2"]
[White "Socko, Bartosz"]
[Black "Gasanov, Eldar"]
[Result "1-0"]
[WhiteElo "2637"]
[BlackElo "2514"]
[EventDate "2010.03.06"]
[PlyCount "79"]

1.e4 e5 2.Nf3 Nc6 3.Bc4 Nf6 4.Ng5 d5 5.exd5 Na5 6.Bb5+ c6 7.dxc6 bxc6 8.
Be2 h6 9.Nh3 Bc5 10.O-O O-O 11.d3 Re8 12.Nc3 Rb8 13.Kh1 Bf5 14.Bf3 Bd4 15.
Ng1 Bxc3 16.bxc3 e4 17.Be2 Nd5 18.Bd2 Qf6 19.d4 Nb6 20.Bf4 Rb7 21.Rb1 Qe6 
22.a3 Qa2 23.Ra1 Qe6 24.Rb1 Qa2 25.Ba6 Rd7 26.Ne2 Nd5 27.Qc1 Nb6 28.Ng3 
Bh7 29.Re1 Rde7 30.Bd6 Re6 31.Bc7 Qd5 32.Bxb6 axb6 33.Rxb6 g5 34.Nf1 f5 
35.Ne3 Qd8 36.Qb2 c5 37.dxc5 Qc7 38.Qb5 Nc6 39.Bb7 Na7 40.Qc4 1-0

[Event "11th EUR-ch"]
[Site "Rijeka CRO"]
[Date "2010.03.07"]
[Round "2"]
[White "Gdanski, Jacek"]
[Black "Landa, Konstantin"]
[Result "1/2-1/2"]
[WhiteElo "2527"]
[BlackElo "2635"]
[EventDate "2010.03.06"]
[PlyCount "138"]

1.Nf3 d5 2.c4 e6 3.g3 Nf6 4.Bg2 dxc4 5.Qa4+ c6 6.Qxc4 b5 7.Qc2 Bb7 8.O-O 
c5 9.a4 b4 10.d3 Be7 11.Bg5 Nbd7 12.Nbd2 h6 13.Bxf6 Bxf6 14.Nc4 O-O 15.a5 
Bd5 16.Ne3 Rc8 17.Rfd1 Nb8 18.Rd2 Qe7 19.Rc1 Rfd8 20.h4 Qe8 21.Nxd5 exd5 
22.e4 c4 23.e5 cxd3 24.Qb1 Rxc1+ 25.Qxc1 Bxe5 26.Rxd3 Bf6 27.Qc5 Qe7 28.
Qc2 Na6 29.Nd4 Nc5 30.Re3 Qf8 31.Nc6 d4 32.Re1 d3 33.Qc4 Rd7 34.Qxb4 Rb7 
35.Qc4 Rxb2 36.Nxa7 Rc2 37.Qd5 Bc3 38.Rf1 Bxa5 39.Nc6 Bc3 40.Nd4 Rb2 41.
Bf3 Bxd4 42.Qxd4 Rb8 43.Rd1 Rd8 44.Qe3 Qd6 45.Rd2 Kf8 46.Ra2 Re8 47.Qd2 
Qd4 48.Ra3 Rd8 49.Ra7 Nd7 50.Qa2 d2 51.Bd1 Ne5 52.Ra8 Rxa8 53.Qxa8+ Ke7 
54.Qa3+ Kd7 55.Qb3 Kc7 56.Kf1 Nc4 57.Qf3 f6 58.Qf5 Kd6 59.Ke2 Ne5 60.Qc2 
Nc4 61.Qd3 Kc5 62.Qf5+ Kb4 63.Qb1+ Nb2 64.Qc2 Qe5+ 65.Kxd2 Nc4+ 66.Kd3 
Nb2+ 67.Kd2 Nc4+ 68.Kd3 Nb2+ 69.Kd2 Nc4+ 1/2-1/2

[Event "11th EUR-ch"]
[Site "Rijeka CRO"]
[Date "2010.03.07"]
[Round "2"]
[White "Delchev, Alexander"]
[Black "Ter-Sahakian, Samvel"]
[Result "1/2-1/2"]
[WhiteElo "2625"]
[BlackElo "2513"]
[EventDate "2010.03.06"]
[PlyCount "112"]

1.c4 e5 2.Nc3 Nc6 3.Nf3 Nf6 4.d4 exd4 5.Nxd4 Bb4 6.Bg5 O-O 7.Rc1 h6 8.Bh4 
g5 9.Bg3 d5 10.Nxc6 bxc6 11.e3 Bg4 12.Be2 Bxe2 13.Kxe2 Bxc3 14.Rxc3 Ne4 
15.Rc2 Qd7 16.f3 Nxg3+ 17.hxg3 Qd6 18.Kf2 Rab8 19.cxd5 cxd5 20.Qd4 a5 21.
Rd1 Rfd8 22.Rdd2 Rb5 23.Qc3 Rdb8 24.b3 R8b7 25.Qc6 Qxc6 26.Rxc6 a4 27.bxa4
Ra5 28.Rxh6 Rxa4 29.g4 Rba7 30.Rxd5 R7a5 31.Rxa5 Rxa5 32.Rc6 Rxa2+ 33.Kg3 
Ra7 34.e4 Kg7 35.Rc5 Kf6 36.Kh3 Rb7 37.g3 Rb3 38.Kg2 Rb2+ 39.Kf1 Rb1+ 40.
Ke2 Rb2+ 41.Kd3 Rg2 42.e5+ Ke6 43.Rxc7 f6 44.exf6 Kxf6 45.Rc6+ Kf7 46.Rh6 
Rxg3 47.Ke3 Rg1 48.Ke4 Ra1 49.Rd6 Ke7 50.Rc6 Ra5 51.Kd4 Kf7 52.Rd6 Ra4+ 
53.Ke3 Rb4 54.Rd4 Rb3+ 55.Ke4 Ke6 56.Ra4 Rb6 1/2-1/2

[Event "11th EUR-ch"]
[Site "Rijeka CRO"]
[Date "2010.03.07"]
[Round "2"]
[White "Tregubov, Pavel"]
[Black "Mastrovasilis, Athanasios"]
[Result "1/2-1/2"]
[WhiteElo "2625"]
[BlackElo "2511"]
[EventDate "2010.03.06"]
[PlyCount "68"]

1.d4 Nf6 2.c4 e6 3.Nf3 d5 4.Nc3 c5 5.cxd5 Nxd5 6.g3 cxd4 7.Nxd5 Qxd5 8.
Qxd4 Qb5 9.e4 Qb4+ 10.Bd2 Nc6 11.Qxb4 Bxb4 12.Rc1 Bxd2+ 13.Kxd2 Ke7 14.Ke3
Bd7 15.Be2 Rac8 16.a3 Rhd8 17.Rc5 f6 18.Rhc1 e5 19.b4 Nb8 20.Nd2 Rxc5 21.
Rxc5 Rc8 22.Rxc8 Bxc8 23.Bc4 Nc6 24.h4 Nd4 25.Kd3 Bg4 26.Nb3 Be2+ 27.Kc3 
Nb5+ 28.Bxb5 Bxb5 29.Kd2 Kd6 30.Nc1 Bc4 31.Kc3 Bf1 32.Nb3 b6 33.Nd2 Be2 
34.Nb1 Kc6 1/2-1/2

[Event "11th EUR-ch"]
[Site "Rijeka CRO"]
[Date "2010.03.07"]
[Round "2"]
[White "Jovanovic, Zoran"]
[Black "Giri, Anish"]
[Result "1/2-1/2"]
[WhiteElo "2526"]
[BlackElo "2624"]
[EventDate "2010.03.06"]
[PlyCount "61"]

1.e4 e5 2.Nf3 Nf6 3.Nxe5 d6 4.Nf3 Nxe4 5.d4 d5 6.Bd3 Nc6 7.O-O Be7 8.c4 
Nb4 9.Re1 Nxd3 10.Qxd3 c6 11.cxd5 cxd5 12.Qb5+ Qd7 13.Qb3 O-O 14.Nc3 Nxc3 
15.bxc3 Re8 16.Ba3 Bxa3 17.Qxa3 b6 18.Rxe8+ Qxe8 19.Re1 Qf8 20.Qb3 h6 21.
Qxd5 Be6 22.Qb5 Bxa2 23.c4 Qa3 24.h4 Qc3 25.Re8+ Rxe8 26.Qxe8+ Kh7 27.Qe4+
Kg8 28.Qa8+ Kh7 29.Qe4+ Kg8 30.Qa8+ Kh7 31.Qe4+ 1/2-1/2

[Event "11th EUR-ch"]
[Site "Rijeka CRO"]
[Date "2010.03.07"]
[Round "2"]
[White "Szabo, Gergely-Andras-Gyula"]
[Black "Mamedov, Nidjat"]
[Result "1-0"]
[WhiteElo "2525"]
[BlackElo "2623"]
[EventDate "2010.03.06"]
[PlyCount "55"]

1.d4 Nf6 2.c4 g6 3.Nf3 Bg7 4.g3 O-O 5.Bg2 d6 6.O-O Nc6 7.Nc3 a6 8.h3 Rb8 
9.e4 b5 10.e5 Nd7 11.e6 fxe6 12.d5 Na5 13.cxb5 exd5 14.Nd4 Nf6 15.Nxd5 
Nxd5 16.Bxd5+ Kh8 17.bxa6 Bxh3 18.Ne6 Bxe6 19.Bxe6 c5 20.Bd5 Qb6 21.Bg5 
Rbe8 22.Qa4 Qxa6 23.Rae1 e5 24.Kg2 e4 25.Rh1 h5 26.Qd1 Rf3 27.Rxe4 Ref8 
28.Rf4 1-0

[Event "11th EUR-ch"]
[Site "Rijeka CRO"]
[Date "2010.03.07"]
[Round "2"]
[White "Balogh, Csaba"]
[Black "Maiorov, Nikita"]
[Result "0-1"]
[WhiteElo "2622"]
[BlackElo "2510"]
[EventDate "2010.03.06"]
[PlyCount "96"]

1.e4 e5 2.Nf3 Nc6 3.Bb5 a6 4.Ba4 Nf6 5.O-O Be7 6.Re1 d6 7.c3 Bg4 8.d3 Nd7 
9.h3 Bh5 10.Nbd2 Nc5 11.Bxc6+ bxc6 12.d4 exd4 13.cxd4 Nb7 14.Qc2 Qd7 15.b3
O-O 16.Bb2 Rfc8 17.Rac1 c5 18.d5 Nd8 19.e5 Bf8 20.Qe4 Bg6 21.e6 Qe7 22.Qg4
c6 23.Nh4 cxd5 24.f4 fxe6 25.Nxg6 hxg6 26.Nf3 d4 27.Ng5 Nf7 28.Rxe6 Qd7 
29.Nxf7 Qxf7 30.Rxg6 Re8 31.f5 Re5 32.Rf1 Rae8 33.Bc1 Re1 34.Bh6 R8e4 35.
Rxe1 Rxg4 36.hxg4 d3 37.Bd2 Qd5 38.Kh2 Qd4 39.Re3 d5 40.Kh3 c4 41.bxc4 
dxc4 42.Re8 c3 43.Be3 Qd7 44.Rge6 d2 45.Bc5 d1=Q 46.Rxf8+ Kh7 47.Ree8 Qh1+
48.Kg3 Qc7+ 0-1

[Event "11th EUR-ch"]
[Site "Rijeka CRO"]
[Date "2010.03.07"]
[Round "2"]
[White "Banusz, Tamas"]
[Black "Kokarev, Dmitry"]
[Result "0-1"]
[WhiteElo "2517"]
[BlackElo "2622"]
[EventDate "2010.03.06"]
[PlyCount "62"]

1.d4 Nf6 2.c4 g6 3.Nc3 Bg7 4.Nf3 O-O 5.g3 d6 6.Bg2 Nbd7 7.O-O e5 8.h3 c6 
9.e4 Qb6 10.Re1 exd4 11.Nxd4 Re8 12.Nc2 Nc5 13.Rb1 Ng4 14.hxg4 Bxc3 15.Re3
Bg7 16.b3 Be6 17.Bd2 Nd7 18.f4 Nf6 19.f5 Bc8 20.Bc3 Nxg4 21.Qxg4 Bxc3 22.
Kh2 Be5 23.Rf1 Qd8 24.Bh3 Bd7 25.Qf3 Kh8 26.Rd3 Qg5 27.Ne3 gxf5 28.Nxf5 
Re6 29.Nxd6 Rxd6 30.Bxd7 Rg8 31.Rg1 Rxd7 0-1

[Event "11th EUR-ch"]
[Site "Rijeka CRO"]
[Date "2010.03.07"]
[Round "2"]
[White "Azarov, Sergei"]
[Black "Jurcik, Marian"]
[Result "1/2-1/2"]
[WhiteElo "2621"]
[BlackElo "2510"]
[EventDate "2010.03.06"]
[PlyCount "41"]

1.e4 c5 2.Nf3 Nc6 3.d4 cxd4 4.Nxd4 e6 5.Nc3 a6 6.Be2 Qc7 7.O-O Nf6 8.Kh1 
b5 9.Nxc6 dxc6 10.f4 Be7 11.e5 Nd5 12.Ne4 Bb7 13.c4 bxc4 14.Bxc4 O-O 15.
Bd2 c5 16.Qg4 Ne3 17.Bxe3 Bxe4 18.Bd2 Qc6 19.Bc3 Rad8 20.Rae1 g6 21.Qe2 
1/2-1/2

[Event "11th EUR-ch"]
[Site "Rijeka CRO"]
[Date "2010.03.07"]
[Round "2"]
[White "Janssen, Ruud"]
[Black "Gelashvili, Tamaz"]
[Result "1/2-1/2"]
[WhiteElo "2516"]
[BlackElo "2621"]
[EventDate "2010.03.06"]
[PlyCount "120"]

1.c4 d6 2.Nc3 g6 3.d4 Bg7 4.e4 e5 5.Nf3 exd4 6.Nxd4 Nf6 7.Be2 O-O 8.O-O 
Re8 9.f3 Nc6 10.Be3 Nh5 11.Qd2 f5 12.Rad1 Nxd4 13.Bxd4 Bxd4+ 14.Qxd4 Nf4 
15.Rfe1 Qg5 16.Bf1 Re5 17.Qd2 fxe4 18.Rxe4 Rxe4 19.Nxe4 Qe5 20.g3 Ne6 21.
Bg2 Bd7 22.f4 Qf5 23.Nc3 Qc5+ 24.Qf2 Qxf2+ 25.Kxf2 Kg7 26.b3 Bc6 27.Nd5 
Re8 28.Re1 Kf7 29.Bh3 Bxd5 30.cxd5 Nc5 31.Rxe8 Kxe8 32.Ke3 a5 33.Bf1 Ke7 
34.g4 h6 35.h4 Nd7 36.g5 hxg5 37.hxg5 Nc5 38.Kd4 Nd7 39.Bd3 Kf7 40.Bb5 Nb6
41.a4 Ke7 42.b4 axb4 43.a5 Nc8 44.Kc4 Kd8 45.Kxb4 Ne7 46.Bc4 Kd7 47.Ba2 c6
48.dxc6+ Kxc6 49.Ka4 Nd5 50.f5 gxf5 51.g6 Ne7 52.g7 d5 53.Bb3 Kc5 54.Bd1 
b6 55.a6 b5+ 56.Kb3 Kb6 57.Kb4 Kxa6 58.Kc5 f4 59.Be2 Kb7 60.Bxb5 Kc7 
1/2-1/2

[Event "11th EUR-ch"]
[Site "Rijeka CRO"]
[Date "2010.03.07"]
[Round "2"]
[White "Llaneza Vega, Marcos"]
[Black "Belov, Vladimir"]
[Result "0-1"]
[WhiteElo "2514"]
[BlackElo "2619"]
[EventDate "2010.03.06"]
[PlyCount "120"]

1.e4 c6 2.d4 d5 3.Nd2 dxe4 4.Nxe4 Nd7 5.Ng5 Ngf6 6.Bd3 e6 7.Qe2 Bd6 8.N1f3
h6 9.Ne4 Nxe4 10.Qxe4 Qc7 11.O-O b6 12.Qg4 Kf8 13.b3 Bb7 14.Bb2 Nf6 15.Qh3
Nd5 16.g3 Rd8 17.Rae1 Nf6 18.Ng5 Kg8 19.Ne4 Be7 20.f4 Nxe4 21.Bxe4 Bf6 22.
f5 Bc8 23.fxe6 Bxe6 24.Bf5 Bxf5 25.Qxf5 h5 26.c3 Qd7 27.Bc1 Qd5 28.h4 b5 
29.Kh2 Qxf5 30.Rxf5 Rd5 31.Ref1 Kh7 32.Rxd5 cxd5 33.Rf5 Rd8 34.Rxh5+ Kg6 
35.g4 b4 36.cxb4 Bxd4 37.Rf5 f6 38.h5+ Kf7 39.Kg2 Ke6 40.Rf1 Bc3 41.Be3 d4
42.Rd1 Ke5 43.Kf3 Bxb4 44.Bf4+ Kd5 45.Be3 Bc3 46.Bf2 Re8 47.Rd3 a5 48.Rd1 
Re7 49.Rg1 Re5 50.Rc1 Re8 51.Rg1 Rh8 52.Kf4 Bd2+ 53.Kf3 Rc8 54.Ke2 Bf4 55.
Rd1 Be5 56.Be1 Ke4 57.Bxa5 Bf4 58.a4 Rc2+ 59.Kf1 Be3 60.Be1 Kf3 0-1

[Event "11th EUR-ch"]
[Site "Rijeka CRO"]
[Date "2010.03.07"]
[Round "2"]
[White "Markus, Robert"]
[Black "Martinovic, Sasa"]
[Result "0-1"]
[WhiteElo "2618"]
[BlackElo "2509"]
[EventDate "2010.03.06"]
[PlyCount "80"]

1.d4 Nf6 2.c4 g6 3.Nc3 Bg7 4.e4 d6 5.f3 O-O 6.Be3 c5 7.Nge2 Qa5 8.Qd2 Nc6 
9.d5 Ne5 10.Nc1 a6 11.a4 Bd7 12.Ra3 e6 13.Be2 exd5 14.cxd5 Nh5 15.Bh6 Bxh6
16.Qxh6 c4 17.Qe3 f5 18.f4 Nxf4 19.Qxf4 fxe4 20.Qe3 Nd3+ 21.Kd2 Qb4 22.Ra2
Nxb2 23.Qxe4 Bf5 24.Qd4 Rae8 25.Ke1 a5 26.Kf2 Bb1+ 27.Kg3 Bxa2 28.N1xa2 
Qa3 29.Bf3 Nxa4 30.Rb1 Qc5 31.Qh4 Nxc3 32.Nxc3 Qe3 33.Ne4 Kh8 34.Rxb7 Qe1+
35.Nf2 Qe5+ 36.Kh3 h5 37.Ne4 Qf5+ 38.Kg3 Qe5+ 39.Kh3 Qxd5 40.Ng5 Rxf3+ 0-1

[Event "11th EUR-ch"]
[Site "Rijeka CRO"]
[Date "2010.03.07"]
[Round "2"]
[White "Berczes, David"]
[Black "Banikas, Hristos"]
[Result "1/2-1/2"]
[WhiteElo "2510"]
[BlackElo "2617"]
[EventDate "2010.03.06"]
[PlyCount "26"]

1.d4 Nf6 2.c4 g6 3.Nc3 Bg7 4.e4 d6 5.Nf3 O-O 6.Be2 e5 7.O-O Nc6 8.Be3 Re8 
9.dxe5 dxe5 10.h3 Be6 11.Re1 Rc8 12.Bf1 Qe7 13.c5 Qf8 1/2-1/2

[Event "11th EUR-ch"]
[Site "Rijeka CRO"]
[Date "2010.03.07"]
[Round "2"]
[White "Makarov, Marat"]
[Black "Khairullin, Ildar"]
[Result "1/2-1/2"]
[WhiteElo "2510"]
[BlackElo "2617"]
[EventDate "2010.03.06"]
[PlyCount "20"]

1.d4 Nf6 2.c4 e6 3.Nf3 b6 4.e3 Bb7 5.Bd3 d5 6.O-O Bd6 7.b3 O-O 8.Bb2 Nbd7 
9.Nc3 a6 10.Qe2 Ne4 1/2-1/2

[Event "11th EUR-ch"]
[Site "Rijeka CRO"]
[Date "2010.03.07"]
[Round "2"]
[White "Vorobiov, Evgeny"]
[Black "Nanu, Ciprian-Costica"]
[Result "1-0"]
[WhiteElo "2616"]
[BlackElo "2505"]
[EventDate "2010.03.06"]
[PlyCount "91"]

1.d4 d5 2.c4 c6 3.Nf3 Nf6 4.Qb3 dxc4 5.Qxc4 Bg4 6.Nc3 e6 7.e4 Nbd7 8.Be3 
Qa5 9.Nd2 e5 10.Nb3 Qd8 11.Be2 exd4 12.Qxd4 Bxe2 13.Kxe2 Ng4 14.Bf4 Nc5 
15.Qxd8+ Rxd8 16.f3 Ne6 17.Bg3 Nf6 18.Rhd1 Nh5 19.Rxd8+ Kxd8 20.Bf2 a6 21.
g3 g5 22.Rd1+ Kc7 23.Na4 Be7 24.Nd4 Nhg7 25.Nf5 Re8 26.Bb6+ Kc8 27.Nxe7+ 
Rxe7 28.Nc5 Nc7 29.Kf2 Nge6 30.Nxe6 Nxe6 31.f4 Nc7 32.Kf3 g4+ 33.Kxg4 Rxe4
34.Bxc7 Kxc7 35.Rd2 c5 36.Kg5 Re6 37.f5 Rc6 38.f6 c4 39.Rf2 b5 40.Kh6 Kd6 
41.Kxh7 b4 42.g4 c3 43.bxc3 bxc3 44.Rc2 Ke5 45.g5 Kf5 46.g6 1-0

[Event "11th EUR-ch"]
[Site "Rijeka CRO"]
[Date "2010.03.07"]
[Round "2"]
[White "Lysyi, Igor"]
[Black "Erdogdu, Mert"]
[Result "1-0"]
[WhiteElo "2615"]
[BlackElo "2502"]
[EventDate "2010.03.06"]
[PlyCount "101"]

1.d4 Nf6 2.Nf3 g6 3.c4 Bg7 4.Nc3 O-O 5.e4 d6 6.h3 e5 7.d5 Na6 8.Bg5 h6 9.
Be3 Nc5 10.Nd2 a5 11.g4 c6 12.Be2 Bd7 13.h4 a4 14.a3 Qa5 15.Kf1 cxd5 16.
cxd5 Rfc8 17.Kg2 b5 18.g5 hxg5 19.hxg5 Ne8 20.Rh4 Rab8 21.Na2 Na6 22.Nf3 
Nc5 23.Nb4 Nb3 24.Rb1 Qd8 25.Qh1 Nd4 26.Nxd4 exd4 27.Bd2 Qe7 28.Bd3 f6 29.
f4 Qf7 30.Qh2 Rc4 31.Rh1 Kf8 32.Qg3 f5 33.Bxc4 bxc4 34.e5 Rxb4 35.Bxb4 
Qxd5+ 36.Qf3 Qb5 37.exd6 Kg8 38.Kg3 c3 39.bxc3 Bc6 40.c4 Qxc4 41.d7 Bxd7 
42.Rc1 Qb3 43.Rhh1 d3 44.Rhd1 Bb5 45.Rc8 Qe6 46.Rd8 Bc6 47.Qxd3 Kh7 48.Rd5
Bb2 49.Rd7+ Ng7 50.Re7 Qa2 51.Rd2 1-0

[Event "11th EUR-ch"]
[Site "Rijeka CRO"]
[Date "2010.03.07"]
[Round "2"]
[White "Djukic, Nikola"]
[Black "Howell, David"]
[Result "0-1"]
[WhiteElo "2509"]
[BlackElo "2612"]
[EventDate "2010.03.06"]
[PlyCount "70"]

1.e4 e5 2.Nf3 Nc6 3.Bb5 a6 4.Ba4 Nf6 5.O-O Be7 6.Re1 b5 7.Bb3 O-O 8.h3 Bb7
9.c3 d5 10.exd5 Nxd5 11.d3 Qd6 12.Nbd2 Rad8 13.Ne4 Qg6 14.Ng3 Nb6 15.Bc2 
f5 16.Nxe5 Nxe5 17.Rxe5 Bd6 18.Re2 c5 19.Qe1 h5 20.f4 Rfe8 21.Ne4 Nd5 22.
Nxd6 Rxe2 23.Qxe2 Rxd6 24.Bd2 Re6 25.Qf2 Ne3 26.Bb3 c4 27.dxc4 Nxg2 28.Kh2
Nh4 29.Bd1 bxc4 30.Qg3 Qe8 31.Qf2 Qc6 32.Bxh5 Rh6 33.Be2 Ng2 34.Qd4 Rxh3+ 
35.Kg1 Ne3 0-1

[Event "11th EUR-ch"]
[Site "Rijeka CRO"]
[Date "2010.03.07"]
[Round "2"]
[White "Petrosian, Tigran L."]
[Black "Prohaszka, Peter"]
[Result "1/2-1/2"]
[WhiteElo "2612"]
[BlackElo "2501"]
[EventDate "2010.03.06"]
[PlyCount "56"]

1.e4 c6 2.d4 d5 3.exd5 cxd5 4.c4 Nf6 5.Nc3 Nc6 6.Bg5 dxc4 7.Bxc4 h6 8.Be3 
e6 9.Nf3 Bd6 10.O-O O-O 11.Re1 b6 12.Qe2 Bb7 13.Rad1 Ne7 14.Ne5 Rc8 15.Bb3
Ned5 16.Qd3 Qe7 17.Bd2 Rfd8 18.Qh3 Bb8 19.Bc1 Nxc3 20.bxc3 Bxe5 21.Rxe5 
Ne4 22.Bb2 Qf6 23.Qe3 Nd6 24.Qe2 b5 25.Re1 a6 26.a4 bxa4 27.Ba2 a3 28.Bxa3
Rxc3 1/2-1/2

[Event "11th EUR-ch"]
[Site "Rijeka CRO"]
[Date "2010.03.07"]
[Round "2"]
[White "Skoberne, Jure"]
[Black "Volkov, Sergei"]
[Result "1-0"]
[WhiteElo "2509"]
[BlackElo "2612"]
[EventDate "2010.03.06"]
[PlyCount "127"]

1.c4 e5 2.Nc3 Bb4 3.Nd5 Bc5 4.Nf3 c6 5.Nc3 Qe7 6.d4 exd4 7.Nxd4 d5 8.cxd5 
Nf6 9.Bg5 h6 10.Bxf6 Qxf6 11.e3 O-O 12.Be2 Rd8 13.Bf3 cxd5 14.O-O Nc6 15.
Nxd5 Qe5 16.Nb5 Be6 17.Qc2 Bxd5 18.Qxc5 Bxf3 19.Qxe5 Nxe5 20.gxf3 Nxf3+ 
21.Kg2 a6 22.Kxf3 axb5 23.Ke2 Ra4 24.Rfc1 Rda8 25.Rc5 Rb4 26.b3 g5 27.Kf3 
Ra6 28.Kg3 Rf6 29.Rd1 b6 30.Re5 Kg7 31.e4 Rc6 32.Rd3 f5 33.Rd7+ Kg6 34.
exf5+ Kf6 35.Red5 h5 36.h3 h4+ 37.Kg2 Rc5 38.R7d6+ Kf7 39.Rd7+ Kf6 40.
R7d6+ Kf7 41.Rd4 Rxd4 42.Rxd4 Rxf5 43.Rd6 b4 44.Rd4 Rb5 45.Kf3 Rf5+ 46.Kg4
Rxf2 47.Kxg5 Rxa2 48.Rxb4 Rg2+ 49.Kxh4 Rg6 50.Rf4+ Ke7 51.b4 Rg8 52.Rf5 
Ke6 53.Rb5 Rb8 54.Kg4 Kd6 55.h4 Kc6 56.Rg5 Re8 57.h5 Re4+ 58.Kf5 Rxb4 59.
h6 Rh4 60.Kg6 b5 61.h7 Rxh7 62.Kxh7 b4 63.Kg6 b3 64.Rg3 1-0

[Event "11th EUR-ch"]
[Site "Rijeka CRO"]
[Date "2010.03.07"]
[Round "2"]
[White "Pelletier, Yannick"]
[Black "Benidze, Davit"]
[Result "1-0"]
[WhiteElo "2611"]
[BlackElo "2499"]
[EventDate "2010.03.06"]
[PlyCount "132"]

1.d4 Nf6 2.c4 e6 3.g3 Bb4+ 4.Bd2 Bxd2+ 5.Qxd2 d5 6.Bg2 c6 7.Nf3 Nbd7 8.Qc2
b5 9.cxb5 cxb5 10.O-O O-O 11.Nbd2 b4 12.a3 Ba6 13.Rfe1 bxa3 14.Rxa3 Bb5 
15.Nb1 Ne4 16.Nfd2 Rc8 17.Qd1 Nxd2 18.Qxd2 Qb6 19.Nc3 Bc6 20.Rea1 Rc7 21.
Ra6 Qb8 22.R1a2 Rfc8 23.Bf1 Rb7 24.e3 Rcc7 25.R6a5 Rb6 26.Qe1 Nf6 27.Bd3 
g6 28.Qa1 Bd7 29.Rxa7 Rxa7 30.Rxa7 Kg7 31.Ra8 Qb7 32.Ra7 Qb8 33.Ra8 Qb7 
34.Ra2 h5 35.h4 Qb8 36.Ra8 Qb7 37.Ra7 Qb8 38.Ra8 Qb7 39.Ra2 Qb8 40.Ne2 Bb5
41.Ra8 Bxd3 42.Rxb8 Rxb8 43.Nc3 Ne4 44.Na4 Ra8 45.Qd1 Bc4 46.Nb6 Rb8 47.
Nxc4 dxc4 48.d5 e5 49.d6 Nf6 50.Qd2 Nd7 51.Qc3 Kf6 52.Kg2 Rb6 53.Qxc4 Rxd6
54.b4 Ke7 55.b5 Re6 56.e4 Rf6 57.Qb4+ Ke8 58.f3 Rb6 59.Kf2 Rf6 60.Ke3 Re6 
61.Kd2 Rf6 62.Qa3 Rb6 63.Qd3 Ke7 64.Kc2 Nc5 65.Qc4 Ne6 66.Kc3 f6 1-0

[Event "11th EUR-ch"]
[Site "Rijeka CRO"]
[Date "2010.03.07"]
[Round "2"]
[White "Sebenik, Matej"]
[Black "Stevic, Hrvoje"]
[Result "1/2-1/2"]
[WhiteElo "2504"]
[BlackElo "2610"]
[EventDate "2010.03.06"]
[PlyCount "70"]

1.d4 d5 2.c4 dxc4 3.e3 e5 4.Bxc4 exd4 5.exd4 Nf6 6.Nf3 Bd6 7.O-O O-O 8.h3 
h6 9.Nc3 Nc6 10.Qc2 Nb4 11.Qb1 Be6 12.Bxe6 fxe6 13.Re1 Qd7 14.Bd2 Rae8 15.
Re2 Qf7 16.Ne5 Bxe5 17.dxe5 Nfd5 18.a3 Nc6 19.Qe4 Rd8 20.Nxd5 Rxd5 21.Bc3 
Qf5 22.f3 Ne7 23.Rf1 Ng6 24.Qxf5 Rxf5 25.Re4 Rf4 26.Rfe1 Rf7 27.Rd4 Rfd7 
28.Rxd5 Rxd5 29.Re4 Ne7 30.Kf2 Rd1 31.Rd4 Rxd4 32.Bxd4 b6 33.f4 Kf7 34.Kf3
h5 35.Bf2 a5 1/2-1/2

[Event "11th EUR-ch"]
[Site "Rijeka CRO"]
[Date "2010.03.07"]
[Round "2"]
[White "Podolchenko, Evgeniy"]
[Black "Guseinov, Gadir"]
[Result "1/2-1/2"]
[WhiteElo "2502"]
[BlackElo "2609"]
[EventDate "2010.03.06"]
[PlyCount "29"]

1.d4 Nf6 2.c4 g6 3.Nc3 Bg7 4.e4 d6 5.Nf3 O-O 6.Be2 c5 7.O-O cxd4 8.Nxd4 
Nc6 9.Be3 Bd7 10.Qd2 Nxd4 11.Bxd4 Bc6 12.f3 Nd7 13.Rad1 Bxd4+ 14.Qxd4 Qb6 
15.Qxb6 1/2-1/2

[Event "11th EUR-ch"]
[Site "Rijeka CRO"]
[Date "2010.03.07"]
[Round "2"]
[White "Horvath, Adam"]
[Black "Saric, Ivan"]
[Result "0-1"]
[WhiteElo "2501"]
[BlackElo "2607"]
[EventDate "2010.03.06"]
[PlyCount "66"]

1.e4 c5 2.Nf3 d6 3.d4 cxd4 4.Nxd4 Nf6 5.Nc3 Bd7 6.Bg5 e6 7.Ndb5 Bc6 8.Bxf6
gxf6 9.Qh5 a6 10.Nd4 Qb6 11.O-O-O Qc5 12.Nd5 exd5 13.Ne6 Qa5 14.exd5 Bd7 
15.Nxf8 Rxf8 16.Qh6 Qxa2 17.Re1+ Be6 18.dxe6 fxe6 19.Qh5+ Kd8 20.Re3 Qa1+ 
21.Kd2 Qxb2 22.Rxe6 Qb4+ 23.Kc1 Nd7 24.Qxh7 Rc8 25.h4 Qf4+ 26.Kb1 Rc6 27.
Rh3 Qxf2 28.Rf3 Qd4 29.Bd3 Qg1+ 30.Rf1 Qxg2 31.Rfe1 Qd2 32.Qf5 Rb6+ 33.Ka2
Qb4 0-1